Statistiques concernant Les 50 prénoms les plus donnés en France en 2021

Cliquez ici pour prendre le quiz!

Statistiques générales

  • Ce quiz a été pris 491 fois
  • Le résultat moyen est 16 sur 50

Statistiques - réponses

RangPrénomNaissances% Correct
37Lou2222
76%
40Léa2102
67%
6Louis3720
66%
2Léo4603
63%
11Emma3208
58%
32Paul2291
56%
13Lucas3059
53%
5Louise3778
49%
1Gabriel4994
47%
9Jules3594
47%
46Théo1940
45%
23Anna2515
43%
35Chloé2256
42%
4Jade3802
42%
44Tom1995
41%
49Eva1912
37%
7Maël3607
37%
33Nathan2286
37%
15Hugo2905
35%
3Raphaël4134
35%
41Inès2026
34%
39Mohamed2183
34%
10Noah3384
34%
48Zoé1913
34%
31Noé2320
33%
8Arthur3598
30%
29Lena2364
29%
28Lina2370
28%
16Alice2769
27%
36Julia2226
26%
18Rose2703
26%
14Ambre3017
25%
27Léon2420
25%
12Adam3148
22%
38Ethan2219
21%
20Sacha2628
21%
19Liam2702
19%
21Mia2613
19%
50Nina1896
19%
17Gabin2719
18%
42Agathe2020
13%
24Alba2504
13%
25Aaron2496
12%
22Éden2564
11%
45Elena1993
11%
47Malo1935
11%
26Romy2446
11%
43Iris2006
10%
34Naël2269
9%
30Isaac2322
7%

Distribution des résultats

Percentile par nombre de réponses

% des personnes avec chaque résultat

Votre développement - résultats

Vous n’avez pas pris ce quiz